[Event "SEMI W-ch4 LG prel-B (Hage mem) email"]
[Site "SEMI email"]
[Date "2001.04.01"]
[Round "?"]
[White "Petrie, Douglas"]
[Black "Malmstroem, Jan"]
[Result "0-1"]
[WhiteElo "1800"]
[BlackElo "2200"]
[PlyCount "76"]
[EventDate "2001.04.01"]
[EventType "tourn (corr)"]
[EventRounds "6"]
[EventCountry "ITA"]
[SourceTitle "Corr 2008"]
[Source "ChessBase"]
[SourceDate "2008.06.24"]
[SourceVersion "1"]
[SourceVersionDate "2008.06.24"]
[SourceQuality "1"]

1. e4 e5 2. Nf3 f5 3. exf5 Nc6 4. d4 exd4 5. Nxd4 Qe7+ 6. Be3 Qe5 7. Nc3 Bb4 8. Qd3 Nxd4 9. Qxd4 Bxc3+ 10. bxc3 d6 11. 0-0-0 Bxf5 12. Qxe5+ dxe5 13. Rd5 Kf7 14. Rxe5 Be6 15. c4 Nf6 16. h3 Rhe8 17. Bd3 b6 18. Bd4 Rad8 19. Bb2 Nd7 20. Re3 g6 21. Rf3+ Kg8 22. Re1 a5 23. Rfe3 Bf7 24. Rxe8+ Rxe8 25. Rxe8+ Bxe8 26. Be4 Bf7 27. Bd5 Kf8 28. Kd2 g5 29. g3 Bg6 30. f4 gxf4 31. gxf4 Ke7 32. Ba3+ c5 33. Bb2 Nf6 34. Be5 Nxd5 35. cxd5 b5 36. Bc7 a4 37. d6+ Kd7 38. Kc1 a3 0-1

[Event "SEMI W-ch4 LG prel-B (Hage mem) email"]
[Site "SEMI email"]
[Date "2001.04.01"]
[Round "?"]
[White "Petrie, Douglas"]
[Black "Sakai, Kiyotaka"]
[Result "0-1"]
[WhiteElo "1800"]
[BlackElo "2050"]
[PlyCount "68"]
[EventDate "2001.04.01"]
[EventType "tourn (corr)"]
[EventRounds "6"]
[EventCountry "ITA"]
[SourceTitle "Corr 2008"]
[Source "ChessBase"]
[SourceDate "2008.06.24"]
[SourceVersion "1"]
[SourceVersionDate "2008.06.24"]
[SourceQuality "1"]

1. e4 e5 2. Nf3 f5 3. exf5 e4 4. Ne5 Nf6 5. Be2 Be7 6. Bh5+ Kf8 7. d4 exd3 8. cxd3 Bb4+ 9. Kf1 Qe7 10. Nf7 Rg8 11. Bg5 Qc5 12. a3 Ba5 13. Qe2 Nxh5 14. b4 Nf4 15. Bxf4 Qxf5 16. Nd6 cxd6 17. Bxd6+ Kf7 18. bxa5 Re8 19. Qd2 b6 20. Nc3 Ba6 21. Rd1 Qxa5 22. Qa2+ Re6 23. Ne2 Qa4 24. Rd2 Qc6 25. Bg3 Kf8 26. Qb3 Qc5 27. Nf4 Re5 28. Rc2 Qa5 29. Ne2 Re6 30. f3 Nc6 31. Nf4 Nd4 32. Nxe6+ dxe6 33. Qc3 Nxc2 34. Qxc2 Rc8 0-1

[Event "SEMI Caro Kann theme email"]
[Site "SEMI email"]
[Date "2001.04.01"]
[Round "?"]
[White "Rebaudo, Nino"]
[Black "Petrie, Douglas"]
[Result "0-1"]
[WhiteElo "1853"]
[BlackElo "1787"]
[PlyCount "94"]
[EventDate "2001.04.01"]
[EventType "tourn (corr)"]
[EventRounds "6"]
[EventCountry "ITA"]
[SourceTitle "Corr 2008"]
[Source "ChessBase"]
[SourceDate "2008.06.24"]
[SourceVersion "1"]
[SourceVersionDate "2008.06.24"]
[SourceQuality "1"]

1. e4 c6 2. d4 d5 3. Nc3 dxe4 4. Nxe4 Nd7 5. Ng5 Ngf6 6. Bc4 e6 7. Qe2 Nb6 8. Bd3 h6 9. N5f3 c5 10. dxc5 Nbd7 11. b4 Nd5 12. Bd2 Qf6 13. Rb1 a5 14. a3 g5 15. Kf1 g4 16. Ne1 axb4 17. axb4 h5 18. Bb5 Bh6 19. c6 bxc6 20. Bxc6 Bxd2 21. Qxd2 Ra6 22. b5 Ra3 23. Bxd5 exd5 24. Qxd5 Nb6 25. Qe4+ Kd8 26. Rd1+ Kc7 27. Qb4 Ra7 28. Ne2 Re8 29. Qc5+ Kb8 30. Nd4 Ra4 31. Nc6+ Kb7 32. f3 Rae4 33. c3 gxf3 34. Nxf3 Re2 35. h4 Qg6 36. Nd8+ Kb8 37. Rh2 Rb2 38. Nc6+ Kb7 39. Qa3 Rxb5 40. Qa7+ Kxc6 41. Nd4+ Kd5 42. Nxb5+ Kc5 43. Nd4 Qf6+ 44. Kg1 Bd7 45. Qa5+ Kd6 46. Ne6+ Kxe6 47. Re1+ Kd6 0-1

[Event "SEMI Caro Kann theme email"]
[Site "SEMI email"]
[Date "2001.04.01"]
[Round "?"]
[White "Versili, Mario"]
[Black "Petrie, Douglas"]
[Result "1-0"]
[WhiteElo "2243"]
[BlackElo "1787"]
[PlyCount "95"]
[EventDate "2001.04.01"]
[EventType "tourn (corr)"]
[EventRounds "6"]
[EventCountry "ITA"]
[SourceTitle "Corr 2008"]
[Source "ChessBase"]
[SourceDate "2008.06.24"]
[SourceVersion "1"]
[SourceVersionDate "2008.06.24"]
[SourceQuality "1"]

1. e4 c6 2. d4 d5 3. Nc3 dxe4 4. Nxe4 Nd7 5. Ng5 Ngf6 6. Bc4 e6 7. Qe2 Nb6 8. Bd3 h6 9. N5f3 c5 10. dxc5 Nbd7 11. b4 Nd5 12. Bd2 Qf6 13. Rb1 a5 14. a3 g5 15. Kf1 Be7 16. Qe4 Nc3 17. Bxc3 Qxc3 18. Bb5 axb4 19. axb4 Ra1 20. Rxa1 Qxa1+ 21. Ne1 Bf6 22. Ne2 Ke7 23. h4 Rd8 24. hxg5 hxg5 25. c6 bxc6 26. Qxc6 Qa7 27. Qe4 Bb7 28. Bc6 Bxc6 29. Qxc6 Ne5 30. Qe4 Qb6 31. Rh3 Rd1 32. Ra3 Bg7 33. Ra4 Rd2 34. c4 Qc7 35. c5 Qd7 36. Qa8 Qb5 37. Ra7+ Nd7 38. Qe4 f5 39. Qe3 Rd1 40. Qxg5+ Bf6 41. Qf4 Kf7 42. Qe3 Qxb4 43. Nf4 Qb5+ 44. Kg1 e5 45. c6 exf4 46. cxd7 fxe3 47. d8Q+ Ke6 48. Qc8+ 1-0

[Event "SEMI A019 email"]
[Site "SEMI email"]
[Date "2001.03.15"]
[Round "?"]
[White "Bascetta, Biagio J"]
[Black "Petrie, Douglas"]
[Result "1/2-1/2"]
[WhiteElo "2355"]
[BlackElo "1800"]
[PlyCount "67"]
[EventDate "2001.03.15"]
[EventType "tourn (corr)"]
[EventRounds "6"]
[EventCountry "ITA"]
[SourceTitle "Corr 2004"]
[Source "ChessBase"]
[SourceDate "2003.04.28"]
[SourceVersion "3"]
[SourceVersionDate "2003.04.28"]
[SourceQuality "1"]

1. e4 c5 2. f4 d5 3. Nc3 d4 4. Nb1 e5 5. Bb5+ Bd7 6. Bxd7+ Nxd7 7. d3 Bd6 8. fxe5 Nxe5 9. Nf3 Qc7 10. Nh4 Nc6 11. Qg4 Bxh2 12. Qxg7 Be5 13. Qg4 Nf6 14. Qf3 Rg8 15. Na3 Rg3 16. Qf1 Rg4 17. Nf5 0-0-0 18. Nc4 Bh2 19. Bd2 b5 20. Na3 a6 21. 0-0-0 Be5 22. Rh6 Rg6 23. Qf3 Kb7 24. g3 Qd7 25. Kb1 Qe6 26. Rdh1 Bc7 27. Bf4 Ne5 28. Bxe5 Bxe5 29. Ka1 Rdg8 30. Nb1 Rxh6 31. Rxh6 Rg6 32. Nd2 a5 33. Nf1 Kb6 34. Rh1 1/2-1/2

[Event "Caro Kann theme corr"]
[Site "corr"]
[Date "2001.??.??"]
[Round "?"]
[White "Zaniratti, Ivano"]
[Black "Petrie, Douglas"]
[Result "1-0"]
[WhiteElo "2043"]
[BlackElo "1787"]
[PlyCount "73"]
[EventDate "2001.04.01"]
[EventType "tourn (corr)"]
[EventRounds "8"]
[SourceTitle "Corr 2002"]
[Source "ChessBase"]
[SourceDate "2002.05.23"]
[SourceVersion "1"]
[SourceVersionDate "2002.05.23"]
[SourceQuality "1"]

1. e4 c6 2. d4 d5 3. Nc3 dxe4 4. Nxe4 Nd7 5. Ng5 Ngf6 6. Bc4 e6 7. Qe2 Nb6 8. Bd3 h6 9. N5f3 c5 10. dxc5 Nbd7 11. b4 Nd5 12. Bd2 Qf6 13. Rb1 a5 14. a3 g5 15. Kf1 Be7 16. Bb5 axb4 17. axb4 Nc7 18. Bxd7+ Bxd7 19. Ne5 Qf5 20. Nxd7 Kxd7 21. Rd1 Kc8 22. h4 gxh4 23. c4 Ra2 24. Rh3 Rd8 25. Rf3 Qg6 26. Nh3 e5 27. Re3 Qd3 28. Rxd3 Rxd3 29. Qxd3 Kb8 30. Qd7 Bf6 31. b5 h5 32. b6 Ne6 33. Bg5 Rd2 34. Rxd2 Bxg5 35. Qe8+ Nd8 36. Rxd8+ Bxd8 37. Qxd8# 1-0

[Event "IECG C3.2000.0.00160"]
[Site "IECG email"]
[Date "2000.10.11"]
[Round "?"]
[White "Casser, Aaron"]
[Black "Petrie, Douglas"]
[Result "1-0"]
[WhiteElo "1206"]
[BlackElo "921"]
[PlyCount "107"]
[EventDate "2000.10.11"]
[EventType "tourn (corr)"]
[EventRounds "6"]
[SourceTitle "Corr 2008"]
[Source "ChessBase"]
[SourceDate "2008.06.24"]
[SourceVersion "1"]
[SourceVersionDate "2008.06.24"]
[SourceQuality "1"]

1. e4 Nf6 2. e5 Nd5 3. d4 d6 4. Nf3 Bg4 5. Be2 c6 6. c4 Nb6 7. Nbd2 dxe5 8. Nxe5 Bxe2 9. Qxe2 N8d7 10. 0-0 e6 11. Ndf3 Be7 12. Bf4 Nxe5 13. dxe5 0-0 14. b3 Qc7 15. Rad1 Rfd8 16. Rxd8+ Rxd8 17. Rd1 Rxd1+ 18. Qxd1 Nd7 19. Qe1 Nf8 20. h3 Ng6 21. Bg3 Qd7 22. Qd2 Qxd2 23. Nxd2 b6 24. Kf1 h5 25. Ne4 Ba3 26. Ke2 Bc1 27. Nd6 h4 28. Bh2 Bf4 29. Bxf4 Nxf4+ 30. Kf3 Nd3 31. Nc8 Nxe5+ 32. Ke4 Nd7 33. Ne7+ Kf8 34. Nxc6 a5 35. Kd4 f6 36. a3 Nc5 37. b4 axb4 38. axb4 e5+ 39. Kd5 Nd3 40. c5 Ke8 41. cxb6 Kd7 42. b7 Nxb4+ 43. Nxb4 Kc7 44. Ke6 Kxb7 45. Kf7 Kb6 46. Kxg7 Kc5 47. Kxf6 Kxb4 48. Kxe5 Kc5 49. f4 Kc6 50. Ke6 Kc7 51. Ke7 Kc6 52. f5 Kd5 53. f6 Kd4 54. f7 1-0

[Event "IECC M email"]
[Site "IECC email"]
[Date "2000.10.05"]
[Round "?"]
[White "Jensen, Jakob Kamp"]
[Black "Petrie, Douglas"]
[Result "0-1"]
[WhiteElo "1879"]
[BlackElo "1731"]
[PlyCount "114"]
[EventDate "2000.??.??"]
[EventType "tourn (corr)"]
[EventRounds "2"]
[SourceTitle "Corr 2008"]
[Source "ChessBase"]
[SourceDate "2008.06.24"]
[SourceVersion "1"]
[SourceVersionDate "2008.06.24"]
[SourceQuality "1"]

1. e4 e5 2. Nf3 Nf6 3. Bb5 c6 4. Be2 Nxe4 5. Nxe5 d6 6. Nf3 Be7 7. d3 Qa5+ 8. Nbd2 Nxd2 9. Bxd2 Qb6 10. b3 c5 11. 0-0 Nc6 12. Re1 0-0 13. Bc3 d5 14. Ne5 Nd4 15. Bh5 Qf6 16. Bxd4 cxd4 17. Qe2 Bb4 18. Bxf7+ Rxf7 19. Nxf7 Qxf7 20. Qe8+ Qf8 21. Qxf8+ Kxf8 22. Re5 Bc3 23. Rf1 b6 24. Rxd5 Be6 25. Re5 Kf7 26. f4 g6 27. h3 Rd8 28. g4 Bb4 29. Rf2 Bd6 30. Re4 Bd5 31. Re1 h5 32. gxh5 gxh5 33. a4 Kf6 34. a5 Rg8+ 35. Kf1 Rg3 36. axb6 axb6 37. Ra1 Bf3 38. Rxf3 Rxf3+ 39. Kg2 Rxf4 40. Ra6 Ke6 41. Rxb6 Rf7 42. Ra6 Rc7 43. Ra2 Rg7+ 44. Kf3 Rg3+ 45. Ke4 Rxh3 46. Kxd4 Rh4+ 47. Ke3 Rh1 48. c4 h4 49. Ra6 Kd7 50. Kd4 Rg1 51. Kd5 Rg5+ 52. Ke4 h3 53. Ra7+ Bc7 54. Ra6 Rg1 55. Rh6 h2 56. Rh7+ Kc6 57. Rh6+ Kb7 0-1

[Event "IECC M email"]
[Site "IECC email"]
[Date "2000.10.05"]
[Round "?"]
[White "Petrie, Douglas"]
[Black "Rutten, Henk PJ"]
[Result "1-0"]
[WhiteElo "1754"]
[BlackElo "1795"]
[PlyCount "107"]
[EventDate "2000.??.??"]
[EventType "tourn (corr)"]
[EventRounds "2"]
[SourceTitle "Corr 2008"]
[Source "ChessBase"]
[SourceDate "2008.06.24"]
[SourceVersion "1"]
[SourceVersionDate "2008.06.24"]
[SourceQuality "1"]

1. d4 d5 2. c4 Nc6 3. Nf3 Bg4 4. cxd5 Bxf3 5. dxc6 Bxc6 6. Nc3 e6 7. e4 Bb4 8. f3 Qh4+ 9. g3 Qh5 10. a3 Ba5 11. b4 Bb6 12. Be3 Rd8 13. h4 e5 14. g4 Qg6 15. b5 exd4 16. bxc6 bxc6 17. Bg5 f6 18. Bf4 Ba5 19. Kf2 Bxc3 20. Rc1 h5 21. Qa4 Ne7 22. Qxa7 hxg4 23. Bxc7 Qh6 24. f4 f5 25. exf5 0-0 26. Bc4+ Kh8 27. Kg1 Nxf5 28. Qc5 Rde8 29. Bd3 Bd2 30. Rf1 Nxh4 31. Qd6 Be3+ 32. Kh2 g3+ 33. Kxg3 Bxf4+ 34. Qxf4 Rxf4 35. Bxf4 g5 36. Bd2 c5 37. a4 Kg7 38. Rhg1 c4 39. Bxc4 Nf5+ 40. Rxf5 Qh4+ 41. Kf3 Qh3+ 42. Rg3 Qxf5+ 43. Kg2 Qc2 44. Rxg5+ Kf6 45. Kg1 Qxd2 46. Rg2 Qe3+ 47. Rf2+ Kg5 48. Kg2 Qe4+ 49. Kg1 Rh8 50. Rh2 Qe3+ 51. Kh1 Qe1+ 52. Kg2 Qe2+ 53. Bxe2 Rxh2+ 54. Kxh2 1-0

[Event "IECG CP.2000.P.00091"]
[Site "IECG email"]
[Date "2000.10.01"]
[Round "?"]
[White "Petrie, Douglas"]
[Black "Laceur, Jan"]
[Result "1-0"]
[WhiteElo "921"]
[BlackElo "706"]
[PlyCount "63"]
[EventDate "2000.10.01"]
[EventType "tourn (corr)"]
[EventRounds "6"]
[EventCountry "ITA"]
[SourceTitle "Corr 2008"]
[Source "ChessBase"]
[SourceDate "2008.06.24"]
[SourceVersion "1"]
[SourceVersionDate "2008.06.24"]
[SourceQuality "1"]

1. e4 e6 2. d4 d5 3. Nc3 Nf6 4. e5 Nfd7 5. f4 f5 6. Nf3 Be7 7. Be3 c5 8. Be2 cxd4 9. Nxd4 Nc5 10. Bb5+ Bd7 11. Qh5+ g6 12. Qe2 Bxb5 13. Qxb5+ Qd7 14. 0-0 Qxb5 15. Ncxb5 Nc6 16. Nxc6 bxc6 17. Nc7+ Kd7 18. Nxa8 Rxa8 19. Rfd1 Ne4 20. c4 Rb8 21. b3 Ke8 22. cxd5 cxd5 23. Bxa7 Rc8 24. Rdc1 Rxc1+ 25. Rxc1 Ba3 26. Rc7 h5 27. Bd4 g5 28. fxg5 Nxg5 29. Rc8+ Kf7 30. Rh8 Kg6 31. Rg8+ Kf7 32. Rxg5 1-0

[Event "SEMI Pirc theme email"]
[Site "SEMI email"]
[Date "2000.07.10"]
[Round "?"]
[White "Neumann, Ulrich"]
[Black "Petrie, Douglas"]
[Result "1/2-1/2"]
[WhiteElo "1859"]
[BlackElo "1972"]
[PlyCount "33"]
[EventDate "2000.07.10"]
[EventType "tourn (corr)"]
[EventRounds "5"]
[EventCountry "ITA"]
[SourceTitle "Corr 2008"]
[Source "ChessBase"]
[SourceDate "2008.06.24"]
[SourceVersion "1"]
[SourceVersionDate "2008.06.24"]
[SourceQuality "1"]

1. e4 d6 2. d4 Nf6 3. Nc3 g6 4. f4 Bg7 5. Nf3 c5 6. e5 Nfd7 7. exd6 0-0 8. dxe7 Qxe7+ 9. Be2 Nc6 10. d5 Nd4 11. 0-0 Nxe2+ 12. Nxe2 Nf6 13. d6 Qe6 14. Ng5 Qe8 15. Nf3 Qe6 16. Ng5 Qe8 17. Nf3 1/2-1/2

[Event "SEMI A010 email"]
[Site "SEMI email"]
[Date "2000.05.14"]
[Round "?"]
[White "Petrie, Douglas"]
[Black "Marcotulli, Giancarlo"]
[Result "0-1"]
[WhiteElo "1972"]
[BlackElo "2165"]
[PlyCount "80"]
[EventDate "2000.05.14"]
[EventType "tourn (corr)"]
[EventRounds "6"]
[EventCountry "ITA"]
[SourceTitle "Corr 2008"]
[Source "ChessBase"]
[SourceDate "2008.06.24"]
[SourceVersion "1"]
[SourceVersionDate "2008.06.24"]
[SourceQuality "1"]

1. e4 e5 2. Nf3 Nc6 3. Bc4 Nf6 4. d4 exd4 5. 0-0 Nxe4 6. Re1 d5 7. Bxd5 Qxd5 8. Nc3 Qa5 9. Nxe4 Be6 10. Bd2 Qf5 11. Neg5 0-0-0 12. Nxe6 fxe6 13. Qe2 e5 14. Nxe5 Re8 15. f4 Bd6 16. Qd3 Rxe5 17. fxe5 Qxd3 18. cxd3 Nxe5 19. Red1 Nxd3 20. b3 c5 21. g3 Ne5 22. Bf4 Kd7 23. Bxe5 Bxe5 24. Rac1 Kc6 25. Kg2 b5 26. a4 a6 27. axb5+ axb5 28. Rc2 Re8 29. Rdc1 Bd6 30. Rf1 Kd5 31. Rf7 d3 32. Rd2 Kd4 33. Rxg7 Kc3 34. Rd1 Kc2 35. Rf1 Re7 36. Rxe7 Bxe7 37. Kf3 c4 38. bxc4 bxc4 39. h4 c3 40. g4 Bxh4 0-1

[Event "SEMI A010 email"]
[Site "SEMI email"]
[Date "2000.05.14"]
[Round "?"]
[White "Petrie, Douglas"]
[Black "Tagesen, Peter Gran"]
[Result "1/2-1/2"]
[WhiteElo "1972"]
[BlackElo "2165"]
[PlyCount "52"]
[EventDate "2000.05.14"]
[EventType "tourn (corr)"]
[EventRounds "6"]
[EventCountry "ITA"]
[SourceTitle "Corr 2002"]
[Source "ChessBase"]
[SourceDate "2002.05.23"]
[SourceVersion "1"]
[SourceVersionDate "2002.05.23"]
[SourceQuality "1"]

1. e4 d5 2. exd5 Qxd5 3. d4 e5 4. Be3 Nc6 5. Nc3 Bb4 6. dxe5 Qxe5 7. Nf3 Bxc3+ 8. bxc3 Qxc3+ 9. Bd2 Qc5 10. Bd3 Bg4 11. 0-0 0-0-0 12. h3 Bf5 13. Be3 Qd5 14. Bxf5+ Qxf5 15. Qb1 Nf6 16. Qb3 Ne4 17. Rab1 b6 18. Qc4 Kb7 19. Rfe1 Rhe8 20. Rbd1 Rxd1 21. Rxd1 Qe6 22. Qb3 f5 23. Qxe6 Rxe6 24. Rd7 Re7 25. Rxe7 Nxe7 26. Bd4 g6 1/2-1/2

[Event "IECG QN.2000.0.00114"]
[Site "IECG email"]
[Date "2000.05.10"]
[Round "?"]
[White "Petrie, Douglas"]
[Black "Korhonen, Paul"]
[Result "1-0"]
[WhiteElo "816"]
[BlackElo "558"]
[PlyCount "65"]
[EventDate "2000.05.10"]
[EventType "tourn (corr)"]
[EventRounds "6"]
[SourceTitle "Corr 2008"]
[Source "ChessBase"]
[SourceDate "2008.06.24"]
[SourceVersion "1"]
[SourceVersionDate "2008.06.24"]
[SourceQuality "1"]

1. d4 d5 2. c4 e6 3. Nc3 Nf6 4. Bg5 Be7 5. Nf3 0-0 6. e3 c6 7. Bd3 Nbd7 8. 0-0 b6 9. cxd5 exd5 10. Qc2 g6 11. e4 dxe4 12. Nxe4 Nxe4 13. Bxe7 Qxe7 14. Bxe4 Bb7 15. Bxc6 Bxc6 16. Qxc6 Rac8 17. Qb7 a5 18. Ne5 Rfd8 19. Nc6 Qd6 20. Nxd8 Rc7 21. Qa8 Nf8 22. Rfc1 Rd7 23. Nc6 h5 24. Ne5 Rd8 25. Qb7 Nd7 26. Rc8 Nxe5 27. dxe5 Qd4 28. Rac1 Kh7 29. Rxd8 Qxd8 30. Qxf7+ Kh6 31. a4 Qd2 32. Qf8+ Kh7 33. Rc7+ 1-0